000 02662nam a2200577 c 4500
999 _c190011
_d190011
003 BLK
005 20250313142304.0
008 180411b bul|||||r ||||||| ||bul||
010 _aKNG00199070000
040 _aBLK
041 _aBUL
_cBUL
072 7 _2bullib
_aН35
_xОбществено управление. Военни науки Н
072 7 _2bullib
_aК
_xКраезнание
072 7 _2bullib
_aРА
_xРусенски автори
080 _aПехота. Обща военна служба
_b356
_x(497.2)(092)
_z356(497.2)(092)
080 _aВоенна история - Военни походи, битки, героични подвизи. Вж и 93/99
_b355.48
_x(497.2)
_z355.48(497.2)
080 _b949.72.04/.05
_z949.72.04/.05
080 _aБългарски генерал и русенски гражданин
_b929 Драндаревски, Христо Попкостов
_z929 Драндаревски, Христо Попкостов
100 1 _aИгнатова, Красимира Русева
_eпърви автор
_9380727
139 _aИгнатова, Красимира Русева
_bД 87
245 1 0 _aГенерал-майор Христо Драндаревски
_cКрасимира Русева Игнатова.
257 _aBGR
260 _c2016
300 _a80 с.
_bсъс сн., факс.
_c20 см
380 _a3
500 _aИзд. на Регион. съюз на офицерите и сержантите от запаса и резерва - Русе, Воен. клуб - Русе. - Бел. и библиогр. с. 44-47.
600 1 4 _aДрандаревски, Христо Попкостов
_9345016
650 4 _aДрандаревски, Христо Попкостов
_9345016
650 4 _aПълководци и генерали, български
_9268741
650 0 _aБългария - военно дело
_9282365
651 4 _aРусе
_9179462
651 4 _aБългария
_9241624
653 _aХристо Драндаревски
653 _aгенерали
653 _aбългарски офицери
653 _aпехота
653 _aвоенна история
653 _aбългарска армия
653 _aбългарска история
653 _aрусенци
659 _aК
659 _aН
852 _aЦб 284021
852 _aК 35/Д 87 К
856 4 _qpdf
856 4 _qpdf
942 _cKNG
_n0
_s1
_01
944 _aCR
_c09.01.2017
_lРадостина Карадакова
_k30534
944 _aED
_c13.03.2017
_lф /
_kЛюдмила_Стоянова
999 _d190011